000 00523nam a2200169Ia 4500
003 IN-BaIIA
008 211028s9999 xx 000 0 eng d
020 _a3-540-08177-1
040 _cIIA Library
080 _a524.834
_bBRE
100 _aBressan, Aldo
_910729
245 0 _aRelativistic theories of materials
_cAldo Bressan
260 _aBerlin
_bSpringer-Verlag
_c1978
650 _aAstronomy and astrophysics thesaurus
650 _aRelativistic theory
_99661
942 _cBK
999 _c6240
_d6240